| 000 | 00693nam a2200169 a 4500 | ||
|---|---|---|---|
| 008 | 160217s2011 ||||||||||||||||| || u | ||
| 020 | _a9781853156380 | ||
| 050 | _aR 834.5 Coa | ||
| 100 | _aCoales, Una | ||
| 245 | 1 | 0 |
_aGet through plab part 1: 500 single best answer questions _cBy Una Coales |
| 260 |
_aLondon: _bEdward Arnold _c2011 |
||
| 300 | _axii, 155p. | ||
| 350 | _a46.95 | ||
| 650 | _aPROFESSIONAL AND LINGUISTIC ASSESSMENTS BOARD TEST | ||
| 650 | _aMEDICINE--EXAMINATIONS, QUESTIONS, ETC | ||
| 995 |
_aMICHAEL CHILUFYA SATA OPEN ACCESS _e903422 _FCBU-SCHOOL OF MEDICINE LIBRARY (Ndola) _I46.95 _jR 834.5 Coa _M1 _UAVAILABLE _WFeb 22, 2016 _y903422 _ZMedical Library Open Access Collection |
||
| 999 |
_c31539 _d31539 |
||